Statistics for Click Timeline: Legend of Zelda Games

Click here to take the quiz!

General Stats

  • This quiz has been taken 438 times
  • The average score is 9 of 15

Answer Stats

HintAnswer% Correct
1986The Legend of Zelda
89%
1987Adventure of Link
80%
2023Tears of the Kingdom
74%
1991A Link to the Past
73%
1998Ocarina of Time
72%
2017Breath of the Wild
71%
1993Link's Awakening
69%
2000Majora's Mask
69%
2011Skyward Sword
59%
2002The Wind Waker
52%
2006Twilight Princess
52%
2001Oracles of Ages/Seasons
47%
2007Phantom Hourglass
43%
2009Spirit Tracks
40%
2004The Minish Cap
40%

Score Distribution

Percentile by Number Answered

Percent of People with Each Score

Your Score History

You have not taken this quiz